[Event "Kronborg Chess Open 2024 GM"]
[Site "Helsingor"]
[Date "2024.05.12"]
[Round "9"]
[White "Kaasen, Tor Fredrik"]
[Black "Stefansson, Vignir Vatnar"]
[Result "1-0"]
[WhiteElo "2451"]
[BlackElo "2463"]
[PlyCount "93"]
[EventDate "2024.05.08"]
[EventType "tourn"]
[EventRounds "9"]
[EventCountry "DEN"]
[SourceTitle "Live from Kronborg Chess Open 2024"]

1. e4 d6 2. d4 Nf6 3. Bd3 e5 4. c3 d5 5. dxe5 Nxe4 6. Nf3 Be7 7. Nbd2 Nxd2 8. Qxd2 c5 9. O-O Nc6 10. Qf4 h6 11. h4 Be6 12. h5 Qc7 13. Rb1 a5 14. Qg3 O-O-O 15. Bd2 Rdf8 16. b4 c4 17. b5 Nb8 18. Bc2 Nd7 19. b6 Nxb6 20. Nd4 Bc5 21. Nb5 Qd8 22. Be3 Nd7 23. Bxc5 Nxc5 24. Qe3 b6 25. Nd6+ Kd7 26. Nxc4 dxc4 27. Rfd1+ Kc7 28. Rxd8 Rxd8 29. Qg3 Rdg8 30. Rd1 g6 31. hxg6 fxg6 32. f4 Bf5 33. Bxf5 gxf5 34. Qh4 Rg7 35. Qf6 Rhg8 36. Qd6+ Kb7 37. Rb1 Na4 38. Qd5+ Ka7 39. Qc6 Rxg2+ 40. Qxg2 Rxg2+ 41. Kxg2 Nxc3 42. Re1 Nd5 43. e6 Ne7 44. Rd1 c3 45. Rc1 Kb7 46. Rxc3 Nd5 47. Kf3 1-0

[Event "Kronborg Chess Open 2024 GM"]
[Site "Helsingor"]
[Date "2024.05.12"]
[Round "9"]
[White "Hansen, Sune Berg"]
[Black "Borge, Nikolaj"]
[Result "1-0"]
[WhiteElo "2513"]
[BlackElo "2389"]
[PlyCount "77"]
[EventDate "2024.05.08"]
[EventType "tourn"]
[EventRounds "9"]
[EventCountry "DEN"]
[SourceTitle "Live from Kronborg Chess Open 2024"]

1. c4 c5 2. Nf3 Nc6 3. g3 e5 4. Nc3 g6 5. Bg2 Bg7 6. O-O d6 7. a3 a5 8. Rb1 Nge7 9. d3 O-O 10. Bd2 f6 11. Ne1 Be6 12. Nd5 Bf7 13. Nxe7+ Qxe7 14. Nc2 Qd7 15. b4 cxb4 16. axb4 axb4 17. Nxb4 Ne7 18. Be3 Rac8 19. Re1 d5 20. Nxd5 Nxd5 21. cxd5 Bxd5 22. Bxd5+ Qxd5 23. Qa4 Rf7 24. Rb5 Qc6 25. Rc1 Qe8 26. Rcb1 Rcc7 27. Qa2 Kh8 28. Ra5 Rfd7 29. Qa4 Bf8 30. Ra8 Qe7 31. Bb6 Rc6 32. Ba5 Rd4 33. Qb5 Kg7 34. Rb8 Rc5 35. Qb6 Rc6 36. Qxb7 Rc2 37. Qxe7+ Bxe7 38. R1b7 Kf7 39. Bd8 1-0

[Event "Kronborg Chess Open 2024 GM"]
[Site "Helsingor"]
[Date "2024.05.12"]
[Round "9"]
[White "Domalchuk Jonasson, Aleksandr"]
[Black "Falkesgaard, Jeppe Hald"]
[Result "1-0"]
[WhiteElo "2370"]
[BlackElo "2353"]
[PlyCount "37"]
[EventDate "2024.05.08"]
[EventType "tourn"]
[EventRounds "9"]
[EventCountry "DEN"]
[SourceTitle "Live from Kronborg Chess Open 2024"]

1. d4 d5 2. c4 c6 3. Nc3 Nf6 4. e3 e6 5. Nf3 Nbd7 6. Qc2 Bd6 7. Bd3 dxc4 8. Bxc4 O-O 9. O-O b5 10. Be2 Bb7 11. e4 e5 12. dxe5 Nxe5 13. Nh4 Re8 14. Nf5 Bf8 15. Bg5 Re6 16. f4 Qb6+ 17. Kh1 Ned7 18. e5 Nd5 19. Bg4 1-0

[Event "Kronborg Chess Open 2024 GM"]
[Site "Helsingor"]
[Date "2024.05.12"]
[Round "9"]
[White "Haubro, Martin"]
[Black "Vinter Schou, Uffe"]
[Result "0-1"]
[WhiteElo "2416"]
[BlackElo "2340"]
[PlyCount "86"]
[EventDate "2024.05.08"]
[EventType "tourn"]
[EventRounds "9"]
[EventCountry "DEN"]
[SourceTitle "Live from Kronborg Chess Open 2024"]

1. e4 c5 2. Nf3 e6 3. d4 cxd4 4. Nxd4 Nc6 5. Nc3 Qc7 6. Be3 a6 7. g4 b5 8. Nxc6 Qxc6 9. Qd2 b4 10. Ne2 Qxe4 11. Rg1 Qc4 12. Nf4 Qc7 13. O-O-O Nf6 14. Nh5 Nd5 15. Bd4 Rg8 16. Qd3 g6 17. Bg2 gxh5 18. Bxd5 Bb7 19. Bxb7 Qxb7 20. g5 Rg6 21. f4 Be7 22. h4 Qb5 23. Qf3 Rc8 24. Rd2 Rc6 25. Qxh5 h6 26. Qd1 hxg5 27. fxg5 e5 28. Be3 b3 29. Kb1 bxc2+ 30. Rxc2 Rgd6 31. Qe2 Qa4 32. Rxc6 Rxc6 33. Qd3 Qxh4 34. Qd5 Qh2 35. Rd1 Qc2+ 36. Ka1 Qf5 37. Rh1 Bxg5 38. Bc5 Kd8 39. Bd6 Bf6 40. Rg1 Qg5 41. Rb1 Be7 42. Bb8 f6 43. a3 Ke8 0-1

[Event "Kronborg Chess Open 2024 GM"]
[Site "Helsingor"]
[Date "2024.05.12"]
[Round "9"]
[White "Heimisson, Hilmir Freyr"]
[Black "Kunin, Vitaly"]
[Result "0-1"]
[WhiteElo "2378"]
[BlackElo "2525"]
[PlyCount "118"]
[EventDate "2024.05.08"]
[EventType "tourn"]
[EventRounds "9"]
[EventCountry "DEN"]
[SourceTitle "Live from Kronborg Chess Open 2024"]

1. Nf3 d5 2. g3 Nc6 3. d4 Bf5 4. Bg2 e6 5. O-O Nb4 6. Na3 Nc6 7. Nb1 Nb4 8. Na3 Be7 9. c3 Nc6 10. Qa4 Qd7 11. c4 Nf6 12. Bf4 O-O 13. cxd5 exd5 14. Rac1 Nh5 15. Bd2 Rad8 16. Qb3 Qc8 17. Nc2 Rfe8 18. Rfd1 h6 19. Ne3 Be6 20. Be1 Bd6 21. Qa4 Nf6 22. b4 a6 23. Qb3 Ng4 24. Nc2 Nb8 25. Nd2 Nf6 26. e3 Bg4 27. f3 Bh3 28. Bh1 Qf5 29. Bf2 Qg6 30. Ne1 h5 31. Ng2 Nc6 32. a3 Re7 33. Qb2 Rde8 34. Re1 Qh6 35. Nb3 Nd8 36. Nc5 c6 37. Nf4 Bc8 38. h4 g5 39. hxg5 Qxg5 40. Bg2 Kh8 41. Kh2 Rg8 42. Rh1 Rxe3 43. Bxe3 Qxg3+ 44. Kg1 Bxf4 45. Bxf4 Qxf4 46. Re1 Bf5 47. Qf2 b6 48. Rh4 Qg5 49. Nb3 Ne6 50. f4 Qg6 51. Nd2 Nxd4 52. Kh1 c5 53. bxc5 bxc5 54. Rg1 Bg4 55. Rh2 Ne2 56. Re1 Qd3 57. Nf1 Ne4 58. Bxe4 Qxe4+ 59. Qg2 Bf3 0-1